Production functions foreign investment and growth
Zapisane w:
| 1. autor: | |
|---|---|
| Format: | Książka |
| Język: | Undetermined |
| Wydane: |
London
North-Holland Pub. Co
1969
|
| Hasła przedmiotowe: | |
| Etykiety: |
Dodaj etykietę
Nie ma etykietki, Dołącz pierwszą etykiete!
|
| Thư viện lưu trữ: | Trung tâm Học liệu Trường Đại học Cần Thơ |
|---|
| LEADER | 00558nam a2200193Ia 4500 | ||
|---|---|---|---|
| 001 | CTU_81854 | ||
| 008 | 210402s9999 xx 000 0 und d | ||
| 082 | |a 338.4 | ||
| 082 | |b K19 | ||
| 100 | |a Katz, Forge M. | ||
| 245 | 0 | |a Production functions foreign investment and growth | |
| 245 | 0 | |c Forge M. Katz | |
| 260 | |a London | ||
| 260 | |b North-Holland Pub. Co | ||
| 260 | |c 1969 | ||
| 650 | |a Industries,Production functions (economic theory) | ||
| 650 | |z Argentina | ||
| 904 | |i Trọng Hải | ||
| 980 | |a Trung tâm Học liệu Trường Đại học Cần Thơ | ||